| 000 -LEADER |
| fixed length control field |
01767cam a2200385 a 4500 |
| 001 - CONTROL NUMBER |
| control field |
14854836 |
| 003 - CONTROL NUMBER IDENTIFIER |
| control field |
Nust |
| 005 - DATE AND TIME OF LATEST TRANSACTION |
| control field |
20180712114200.0 |
| 008 - FIXED-LENGTH DATA ELEMENTS--GENERAL INFORMATION |
| fixed length control field |
070518r20072005nyua 000 1 eng |
| 010 ## - LIBRARY OF CONGRESS CONTROL NUMBER |
| LC control number |
2007020901 |
| 020 ## - INTERNATIONAL STANDARD BOOK NUMBER |
| International Standard Book Number |
978-0312949228 |
| Terms of availability |
Rs. 340 |
| 020 ## - INTERNATIONAL STANDARD BOOK NUMBER |
| International Standard Book Number |
0312949227 |
| 035 ## - SYSTEM CONTROL NUMBER |
| System control number |
(OCoLC)ocn132681507 |
| 035 ## - SYSTEM CONTROL NUMBER |
| System control number |
(OCoLC)132681507 |
| Canceled/invalid control number |
(OCoLC)74670652 |
| 038 ## - RECORD CONTENT LICENSOR |
| Staff Name |
Arshad |
| 040 ## - CATALOGING SOURCE |
| Original cataloging agency |
DLC |
| Transcribing agency |
DLC |
| Modifying agency |
DLC |
| 050 00 - LIBRARY OF CONGRESS CALL NUMBER |
| Classification number |
PR6051.R285 |
| Item number |
C38 2007 |
| 082 00 - DEWEY DECIMAL CLASSIFICATION NUMBER |
| Classification number |
823.914 |
| Author Mark |
ARC |
| 100 1# - MAIN ENTRY--PERSONAL NAME |
| Personal name |
Archer, Jeffrey, |
| Dates associated with a name |
1940- |
| 9 (RLIN) |
11436 |
| 245 10 - TITLE STATEMENT |
| Title |
Cat o'nine tales and other stories / |
| Statement of responsibility, etc. |
Jeffrey Archer ; drawings by Ronald Searle. |
| 250 ## - EDITION STATEMENT |
| Edition statement |
1st U.S. ed. |
| 260 ## - PUBLICATION, DISTRIBUTION, ETC. |
| Place of publication, distribution, etc. |
New York : |
| Name of publisher, distributor, etc. |
St. Martin's Press, |
| Date of publication, distribution, etc. |
2007. |
| 300 ## - PHYSICAL DESCRIPTION |
| Extent |
ix, 254 p. : |
| Other physical details |
ill. ; |
| Dimensions |
25 cm. |
| 500 ## - GENERAL NOTE |
| General note |
"First published in Great Britain by Macmillan, an imprint of Pan Macmillan Ltd."--T.p. verso. |
| 505 0# - FORMATTED CONTENTS NOTE |
| Formatted contents note |
The man who robbed his own post office -- Maestro -- Don't drink the water -- It can't be October already -- The red king -- The wisdom of Solomon -- Know what I mean? -- Charity begins at home -- The alibi -- A Greek tragedy -- The Commissioner -- In the eye of the beholder. |
| 650 #0 - SUBJECT ADDED ENTRY--TOPICAL TERM |
| Topical term or geographic name entry element |
Fraud |
| Form subdivision |
Fiction. |
| 9 (RLIN) |
11609 |
| 655 #0 - INDEX TERM--GENRE/FORM |
| Genre/form data or focus term |
Short stories. |
| 9 (RLIN) |
7735 |
| 655 #7 - INDEX TERM--GENRE/FORM |
| Genre/form data or focus term |
Short stories. |
| Source of term |
gsafd |
| 9 (RLIN) |
7735 |
| 856 41 - ELECTRONIC LOCATION AND ACCESS |
| Materials specified |
Table of contents only |
| Uniform Resource Identifier |
<a href="http://www.loc.gov/catdir/toc/ecip0718/2007020901.html">http://www.loc.gov/catdir/toc/ecip0718/2007020901.html</a> |
| 856 42 - ELECTRONIC LOCATION AND ACCESS |
| Materials specified |
Contributor biographical information |
| Uniform Resource Identifier |
<a href="http://www.loc.gov/catdir/enhancements/fy0837/2007020901-b.html">http://www.loc.gov/catdir/enhancements/fy0837/2007020901-b.html</a> |
| 856 42 - ELECTRONIC LOCATION AND ACCESS |
| Materials specified |
Publisher description |
| Uniform Resource Identifier |
<a href="http://www.loc.gov/catdir/enhancements/fy0837/2007020901-d.html">http://www.loc.gov/catdir/enhancements/fy0837/2007020901-d.html</a> |
| 906 ## - LOCAL DATA ELEMENT F, LDF (RLIN) |
| a |
7 |
| b |
cbc |
| c |
orignew |
| d |
1 |
| e |
ecip |
| f |
20 |
| g |
y-gencatlg |
| 942 ## - ADDED ENTRY ELEMENTS (KOHA) |
| Source of classification or shelving scheme |
|
| Koha item type |
Book |